| 000 -LEADER |
| fixed length control field |
02313cam a22004698i 4500 |
| 001 - CONTROL NUMBER |
| control field |
21099797 |
| 003 - CONTROL NUMBER IDENTIFIER |
| control field |
NUST |
| 005 - DATE AND TIME OF LATEST TRANSACTION |
| control field |
20220607121021.0 |
| 006 - FIXED-LENGTH DATA ELEMENTS--ADDITIONAL MATERIAL CHARACTERISTICS |
| fixed length control field |
m |o d | |
| 007 - PHYSICAL DESCRIPTION FIXED FIELD--GENERAL INFORMATION |
| fixed length control field |
cr ||||||||||| |
| 008 - FIXED-LENGTH DATA ELEMENTS--GENERAL INFORMATION |
| fixed length control field |
190724s2020 nju ob 001 0 eng |
| 010 ## - LIBRARY OF CONGRESS CONTROL NUMBER |
| LC control number |
2019032081 |
| 020 ## - INTERNATIONAL STANDARD BOOK NUMBER |
| International Standard Book Number |
9781119526360 |
| Qualifying information |
(epub) |
| 020 ## - INTERNATIONAL STANDARD BOOK NUMBER |
| International Standard Book Number |
9781119526384 |
| Qualifying information |
(adobe pdf) |
| 020 ## - INTERNATIONAL STANDARD BOOK NUMBER |
| Canceled/invalid ISBN |
9781119526346 |
| Qualifying information |
(hardback) |
| 038 ## - RECORD CONTENT LICENSOR |
| Staff Name |
Muzammil |
| 040 ## - CATALOGING SOURCE |
| Original cataloging agency |
DLC |
| Language of cataloging |
eng |
| Transcribing agency |
DLC |
| Description conventions |
rda |
| 042 ## - AUTHENTICATION CODE |
| Authentication code |
pcc |
| 050 00 - LIBRARY OF CONGRESS CALL NUMBER |
| Classification number |
TK1010 |
| 082 00 - DEWEY DECIMAL CLASSIFICATION NUMBER |
| Classification number |
621.3191 |
| Edition number |
23 |
| Author Mark |
MAC |
| 100 1# - MAIN ENTRY--PERSONAL NAME |
| Personal name |
Machowski, Jan, |
| Relator term |
author. |
| 9 (RLIN) |
92034 |
| 245 10 - TITLE STATEMENT |
| Title |
Power system dynamics : |
| Remainder of title |
stability and control / |
| Statement of responsibility, etc. |
Jan Machowski, Warsaw University of Technology, Poland, Zbigniew Lubosny, Gdansk University of Technology, Poland, Janusz W. Bialek formerly Durham University and Edinburgh University, UK, James R. Bumby formerly Durham University, UK. |
| 250 ## - EDITION STATEMENT |
| Edition statement |
Third edition. |
| 263 ## - PROJECTED PUBLICATION DATE |
| Projected publication date |
2001 |
| 264 #1 - PRODUCTION, PUBLICATION, DISTRIBUTION, MANUFACTURE, AND COPYRIGHT NOTICE |
| Place of production, publication, distribution, manufacture |
Hoboken, NJ, USA : |
| Name of producer, publisher, distributor, manufacturer |
John Wiley, |
| Date of production, publication, distribution, manufacture, or copyright notice |
2020. |
| 300 ## - PHYSICAL DESCRIPTION |
| Extent |
1 online resource |
| 336 ## - CONTENT TYPE |
| Content type term |
text |
| Content type code |
txt |
| Source |
rdacontent |
| 337 ## - MEDIA TYPE |
| Media type term |
computer |
| Media type code |
c |
| Source |
rdamedia |
| 338 ## - CARRIER TYPE |
| Carrier type term |
online resource |
| Carrier type code |
cr |
| Source |
rdacarrier |
| 504 ## - BIBLIOGRAPHY, ETC. NOTE |
| Bibliography, etc. note |
Includes bibliographical references and index. |
| 520 ## - SUMMARY, ETC. |
| Summary, etc. |
"This book is the fully revised and updated third edition of Power System Dynamics and Stability. It has been 10 years since the second edition was published and the state of the knowledge in the topic area has progressed. The textbook requires updating and extending. A third edition will include an extension of some chapters and four new chapters"-- |
| Assigning source |
Provided by publisher. |
| 588 ## - SOURCE OF DESCRIPTION NOTE |
| Source of description note |
Description based on print version record and CIP data provided by publisher; resource not viewed. |
| 650 #0 - SUBJECT ADDED ENTRY--TOPICAL TERM |
| Topical term or geographic name entry element |
Electric power system stability. |
| 9 (RLIN) |
83274 |
| 650 #0 - SUBJECT ADDED ENTRY--TOPICAL TERM |
| Topical term or geographic name entry element |
Electric power systems |
| General subdivision |
Control. |
| 9 (RLIN) |
92035 |
| 700 1# - ADDED ENTRY--PERSONAL NAME |
| Personal name |
Lubosny, Zbigniew, |
| Dates associated with a name |
1961- |
| Relator term |
author. |
| 9 (RLIN) |
92036 |
| 700 1# - ADDED ENTRY--PERSONAL NAME |
| Personal name |
Bialek, Janusz W., |
| Relator term |
author. |
| 9 (RLIN) |
92037 |
| 700 1# - ADDED ENTRY--PERSONAL NAME |
| Personal name |
Bumby, J. R. |
| Fuller form of name |
(James Richard) |
| Relator term |
author. |
| 9 (RLIN) |
92038 |
| 776 08 - ADDITIONAL PHYSICAL FORM ENTRY |
| Relationship information |
Print version: |
| Main entry heading |
Machowski, Jan. |
| Title |
Power system dynamics |
| Edition |
Third edition. |
| Place, publisher, and date of publication |
Hoboken, NJ, USA : John Wiley, 2020. |
| International Standard Book Number |
9781119526346 |
| Record control number |
(DLC) 2019032080 |
| 906 ## - LOCAL DATA ELEMENT F, LDF (RLIN) |
| a |
7 |
| b |
cbc |
| c |
orignew |
| d |
1 |
| e |
ecip |
| f |
20 |
| g |
y-gencatlg |
| 942 ## - ADDED ENTRY ELEMENTS (KOHA) |
| Source of classification or shelving scheme |
|
| Koha item type |
Book |